The essential guide to group communication. / (Record no. 9632)
[ view plain ]
| 000 -LEADER | |
|---|---|
| fixed length control field | 01294cam a2200325 a 4500 |
| 001 - CONTROL NUMBER | |
| control field | 14326694 |
| 003 - CONTROL NUMBER IDENTIFIER | |
| control field | OSt |
| 005 - DATE AND TIME OF LATEST TRANSACTION | |
| control field | 20230530134042.0 |
| 008 - FIXED-LENGTH DATA ELEMENTS--GENERAL INFORMATION | |
| fixed length control field | 060403s2004 mau b 000 0 eng d |
| 010 ## - LIBRARY OF CONGRESS CONTROL NUMBER | |
| LC control number | 2006295911 |
| 020 ## - INTERNATIONAL STANDARD BOOK NUMBER | |
| International Standard Book Number | 0312417594 |
| 035 ## - SYSTEM CONTROL NUMBER | |
| System control number | (OCoLC)ocm63910447 |
| 040 ## - CATALOGING SOURCE | |
| Original cataloging agency | VRA |
| Transcribing agency | VRA |
| Modifying agency | VRA |
| -- | BAKER |
| -- | DLC |
| 042 ## - AUTHENTICATION CODE | |
| Authentication code | lccopycat |
| 050 00 - LIBRARY OF CONGRESS CALL NUMBER | |
| Classification number | HM736.O53 |
| 082 00 - DEWEY DECIMAL CLASSIFICATION NUMBER | |
| Classification number | 302.3 |
| Edition number | 22 |
| 100 1# - MAIN ENTRY--PERSONAL NAME | |
| Personal name | O'Hair, Dan. |
| 9 (RLIN) | 1465 |
| 245 14 - TITLE STATEMENT | |
| Title | The essential guide to group communication. / |
| Statement of responsibility, etc. | Dan O'Hair, Mary O. Wiemann. |
| 260 ## - PUBLICATION, DISTRIBUTION, ETC. | |
| Place of publication, distribution, etc. | Boston : |
| Name of publisher, distributor, etc. | Bedford/St. Martin's, |
| Date of publication, distribution, etc. | 2004. |
| 300 ## - PHYSICAL DESCRIPTION | |
| Extent | ix, 81 p. ; |
| Dimensions | 24 cm. |
| 500 ## - GENERAL NOTE | |
| General note | Complement to: Essential guide to interpersonal communication. |
| 504 ## - BIBLIOGRAPHY, ETC. NOTE | |
| Bibliography, etc. note | Includes bibliographical references (p. 78-81). |
| 505 1# - FORMATTED CONTENTS NOTE | |
| Formatted contents note | Foundations of communicating in small groups and teams -- Participating in small group communication -- Leadership and decision making in groups and teams -- Communicating in organizations. |
| 650 #0 - SUBJECT ADDED ENTRY--TOPICAL TERM | |
| Topical term or geographic name entry element | Communication in small groups. |
| 9 (RLIN) | 1522 |
| 650 #0 - SUBJECT ADDED ENTRY--TOPICAL TERM | |
| Topical term or geographic name entry element | Communication in organizations. |
| 9 (RLIN) | 686 |
| 700 1# - ADDED ENTRY--PERSONAL NAME | |
| Personal name | Wiemann, Mary O. |
| 9 (RLIN) | 1523 |
| 906 ## - LOCAL DATA ELEMENT F, LDF (RLIN) | |
| a | 7 |
| b | cbc |
| c | copycat |
| d | 2 |
| e | ncip |
| f | 20 |
| g | y-gencatlg |
| 942 ## - ADDED ENTRY ELEMENTS (KOHA) | |
| Source of classification or shelving scheme | Library of Congress Classification |
| Koha item type | Books |
| Withdrawn status | Lost status | Source of classification or shelving scheme | Damaged status | Not for loan | Home library | Current library | Shelving location | Date acquired | Total Checkouts | Full call number | Barcode | Date last seen | Price effective from | Koha item type |
|---|---|---|---|---|---|---|---|---|---|---|---|---|---|---|
| Library of Congress Classification | WISCONSIN INTERNATIONAL UNIVERSITY COLLEGE, GHANA KUMASI LIBRARY | WISCONSIN INTERNATIONAL UNIVERSITY COLLEGE, GHANA KUMASI LIBRARY | General Stacks | 30/05/2023 | HM736.O53 | K/2932/0030/23 | 30/05/2023 | 30/05/2023 | Books |
